=LDR 00000nam 2200000 4500 =001 INLIS000000000031131 =005 20210506112937 =035 ##$$a 0010-061300000031131 =008 210506################g##########0#ind## =041 ##$$a ind =082 ##$$a 338.479 =090 ##$$a 338.479, Dam p =100 ##$$a Damanik, Janianton =245 1#$$a Perencanaan ekowisata : $b Dari teori ke aplikasi /$c Janianton Damanik, Helmut F.Weber ; editor, FI Sigit Suyantoro =260 ##$$a Yogyakarta :$b Andi,$c 2006 =300 ##$$a xviii,142 hlm. : $b ilus ; $c 23 x 16 cm. =650 #4$$a Industrasi,Pariwisata =700 #$$a Weber,F.Helmut =850 ##$$a NBPNMAT =020 ##$$a 979-763-550 =084 ##$$a 338.479 DAM p =250 ##$$a cet. 1 =520 ##$$a Biografi : hlm, 141-142 =990 ##$$a 20902468 =990 ##$$a 20902467 =990 ##$$a 20902465 =990 ##$$a 20902466